Δήμοι της Κεντρικής Μακεδονίας με Χάρτη - Statistics

General Stats
  • This quiz has been taken 78 times
  • The average score is 15 of 39
Answers on the Map
Answers color-coded by a green-red scale on the quiz's map according to % correct below.
 
Answer Stats
Δήμος % Correct
Θεσσαλονίκης
100%
Πολυγύρου
76%
Κιλκίς
71%
Βέροιας
65%
Καλαμαριάς
65%
Πέλλας
65%
Πυλαίας-Χορτιάτη
65%
Σερρών
65%
Ωραιοκάστρου
65%
Έδεσσας
59%
Κασσάνδρας
59%
Κατερίνης
59%
Θερμαϊκού
53%
Θέρμης
47%
Κορδελιού-Ευόσμου
47%
Λαγκαδά
47%
Σιθωνίας
47%
Νεάπολης-Συκεών
41%
Αλεξάνδρειας
35%
Αμπελοκήπων-Μενεμένης
35%
Δέλτα
35%
Νάουσας
35%
Σκύδρας
29%
Χαλκηδόνος
29%
Άγιο Όρος
24%
Αλμωπίας
24%
Παύλου Μελά
24%
Βόλβης
18%
Δίου-Ολύμπου
18%
Αριστοτέλη
12%
Ηρακλείας
12%
Νέας Ζίχνης
12%
Νέας Προποντίδας
12%
Πύδνας-Κολινδρού
12%
Σιντικής
12%
Αμφίπολης
6%
Βισαλτίας
6%
Εμμανουήλ Παππά
6%
Παιονίας
6%
No matching quizzes found
Score Distribution
Percent of People with Each Score
Percentile by Number Answered
Your Score History
You have not taken this quiz